|
|
|
|
| LEADER |
00000ny a22000003n 4500 |
| 005 |
20110616121251.0 |
| 008 |
001109s2001 sp 000 0 spa c |
| 020 |
|
|
|a 849772092X
|
| 035 |
|
|
|a 159
|
| 040 |
|
|
|a UMA.CEE
|d vLex
|
| 040 |
|
|
|a UMA.RE
|d vLex
|
| 080 |
|
|
|a 342.980.(460)(0.034)
|
| 090 |
|
|
|c 763
|d 763
|
| 100 |
1 |
|
|a Palomar Olmeda, Alberto
|
| 245 |
1 |
0 |
|a Derecho de la funcin̤ pb︢lica
|h [Recurso electrn̤ico]
|b rǧimen jurd̕ico de los funcionarios pb︢licos /
|c Alberto Palomar Olmeda
|
| 250 |
|
|
|a 6a.ed.
|
| 256 |
|
|
|a Servicio en ln̕ea
|
| 260 |
|
|
|a Madrid :
|b Dykinson,
|c 2001
|
| 300 |
|
|
|a 853 p. ;
|c 24 cm
|
| 504 |
|
|
|a Bibliografa̕: p. 817-840
|
| 506 |
1 |
|
|a Contenido solo disponible en los productos indicados
|d vLex Global
|d vLex Global (Academic Edition, excluding Law Schools)
|d vLex Global (U.S. Academic Edition, Law Schools)
|d vLex Global (U.S. Academic Edition, excluding Law Schools)
|d vLex Global (Academic Edition, Law Schools)
|
| 650 |
0 |
7 |
|a Administrativo
|z Tesauro vLex
|
| 650 |
0 |
7 |
|a Funcin̤ pb︢lica
|z Tesauro vLex
|
| 650 |
0 |
7 |
|a Funcionarios pb︢licos
|2 Tesauro vLex
|
| 740 |
0 |
|
|a vLex Libros (Servicios en ln̕ea)
|
| 856 |
4 |
0 |
|z Acceso restringido
|u http://vlex.com/source/159
|
| 942 |
|
|
|c BOOK
|
| 999 |
0 |
|
|a Civil service
|b Madrid
|